000 00203 a2200097 4500
001 6278
100 _aFuchs, B.A
245 _aFunction of complex variable
260 _a
_bWiley
_c
090 _c5157
_d5157
942 _aNUST-CAE
_cM
_c31553
999 _c241351
_d241351